Teória hier a mechanizmus dobrovoľného príspevku

Analýza mechanizmu dobrovoľného prispievania a návrh hry n pre hráčov na základe tohto mechanizmu.

Na minha lista:
Detalhes bibliográficos
Autor principal: Sequeira Lopez, Allan Jose, 1986-
Formato: Capítulo de Livro
Idioma:eslovaco
Assuntos:
Tags: Adicionar Tag
Sem tags, seja o primeiro a adicionar uma tag!

MARC

LEADER 00000naa$a2200000$$$4500
001 0249553
005 20240502074006.9
041 0 |a slo 
044 |a SK 
245 1 0 |a Teória hier a mechanizmus dobrovoľného príspevku  |c Allan Jose Sequeira Lopez 
520 |a Analýza mechanizmu dobrovoľného prispievania a návrh hry n pre hráčov na základe tohto mechanizmu. 
610 2 0 |a teória hier 
610 2 0 |a statky verejné 
610 2 0 |a riadenie 
610 2 0 |a projekty investičné 
610 2 0 |a projekty 
610 2 0 |a systémy podporné rozhodovacie 
100 1 |a Sequeira Lopez, Allan Jose, 1986-